k-pop idols #1 - Statistics

General Stats
  • This quiz has been taken 168 times
  • The average score is 11 of 16
Answer Stats
Picture Answer % Correct
RM
89%
Jisoo
85%
Seungmin
81%
Lia
78%
Somi
78%
Lisa
77%
IU
75%
Soobin
72%
Sana
66%
Mark
62%
Hanni
61%
Keeho
57%
Hoshi
52%
Leeseo
48%
Kyujin
36%
Minju
36%
No matching quizzes found
Score Distribution
Percent of People with Each Score
Percentile by Number Answered
Your Score History
You have not taken this quiz